000 00911nam a2200277 i 4500
003 EG-GICUC
005 20260420110851.0
008 260420s1941 ||| |||fr|||| 00| 0 fre d
040 _aEG-GiCUC
_bfre
_cEG-GiCUC
_dEG-GiCUC
_erda
082 0 4 _221
_a343.4
_bAH . I
092 0 4 _221
099 _aLaw1 10 343.4 AH . I 1941
100 0 _aAhmed Fathi Abou Senna
245 1 4 _aDe L'interprétation De La LOI Pénale /
_cPar Feu Ahmed Fathi Abou Senna.
264 3 _a[Lieu De Publication Non Précisé] :
_bImp, F. E. Noury & Fils,
_c1941.
300 _a 292 pages;
_c24 cm.
336 _2rda content
_atext
337 _2rda media
_aComputer
338 _2rda carrier
_aOnline Resource
650 1 _2qrmak
_aLégislation Pénale Spéciale
650 1 _2qrmak
_aDroit De Pénal
651 1 _2qrmak
856 4 0 _uhttps://fll.law.cu.edu.eg/fulltext/bks/B10-09992.pdf
905 _a54
942 _2ddc
_cBK
_e21
_n0
999 _c72081
_d72081